000 00404nam a22001697a 4500
003 MPLRDC
005 20220104143438.0
008 210129b ||||| |||| 00| 0 eng d
020 _a962-257-532-3
082 _a857.7 HX-4 c.2
100 _a海辛
245 _a花族留痕
_c
260 _a
_b天地图书有限公司
_c1993
300 _b
650 _a长篇小说
942 _cBK
_o857.7 HX-4 c.2
999 _c39981
_d39971